Las Indias occidentales : procesos de incorporación territorial a las monarquías ibéricas (siglos XVI a XVIII) /
Gorde:
| Beste egile batzuk: | , |
|---|---|
| Formatua: | Baliabide elektronikoa eBook |
| Hizkuntza: | gaztelania |
| Argitaratua: |
México, D.F. :
El Colegio de México,
2013.
|
| Edizioa: | Primera edición electrónica. |
| Gaiak: | |
| Sarrera elektronikoa: | Digitalia Hispánica |
| Etiketak: |
Etiketa erantsi
Etiketarik gabe, Izan zaitez lehena erregistro honi etiketa jartzen!
|
MARC
| LEADER | 00000nam a2200000Ii 4500 | ||
|---|---|---|---|
| 001 | DIGCOLMX0263 | ||
| 003 | NyNyDIG | ||
| 007 | cr ||||||||||| | ||
| 008 | 220125s2013 mx a ob 000 0 spa d | ||
| 006 | m o d | ||
| 035 | |a (OCoLC)1319854796 | ||
| 040 | |a DGITA |b eng |e rda |e pn |c DGITA | ||
| 020 | |a 9786074625851 |q eBook | ||
| 020 | |z 9786074623932 | ||
| 043 | |a cl----- | ||
| 050 | 1 | 4 | |a F1411 ebook |
| 082 | 1 | 4 | |a 909 |
| 245 | 0 | 4 | |a Las Indias occidentales : |b procesos de incorporación territorial a las monarquías ibéricas (siglos XVI a XVIII) / |c Óscar Mazín y José Javier Ruiz Ibáñez, editores. |
| 250 | |a Primera edición electrónica. | ||
| 264 | 1 | |a México, D.F. : |b El Colegio de México, |c 2013. | |
| 300 | |a 1 online resource : |b illustrations (some color) | ||
| 336 | |a text |b txt |2 rdacontent | ||
| 337 | |a computer |b c |2 rdamedia | ||
| 338 | |a online resource |b cr |2 rdacarrier | ||
| 347 | |a text file |2 rdaft | ||
| 347 | |b EPUB | ||
| 500 | |a "Centro de Estudios Históricos." | ||
| 504 | |a Includes bibliographical references. | ||
| 588 | 0 | |a Online resource; title from ePub title page (Digitalia, viewed January 25, 2021) | |
| 651 | 0 | |a Latin America |x History |y To 1830. | |
| 651 | 0 | |a Spain |x Colonies |z America. | |
| 655 | 0 | |a Electronic books. | |
| 700 | 1 | |a Mazín Gómez, Óscar, |e editor. | |
| 700 | 1 | |a Ruiz Ibáñez, José Javier, |e editor. | |
| 791 | 2 | |a Digitalia (Firm), |e distributor. | |
| 793 | 0 | |g Digitalia eBook Collection: |a El Colegio de México | |
| 776 | 0 | 8 | |i Print version: |t Indias occidentales. |b Primera edición. |d México, D.F. : El Colegio de México, 2012 |z 9786074623932 |
| 856 | 4 | 0 | |3 Digitalia Hispánica |u https://digitalia.unach.elogim.com/a/105623/ |
| 910 | |a Premium collection: 2022 | ||